Alle achtbanen in Nederland - Statistieken

Algemene statistieken
  • Deze quiz is 75 keer genomen
  • De gemiddelde score is 23 van 59
Antwoordstatistieken
Antwoord % Correct
Python Efteling
98%
Baron 1898 Efteling
94%
Joris en de Draak (Vuur) Efteling
89%
Joris en de Draak (Water) Efteling
89%
Vliegende Hollander Efteling
79%
Vogel Rok Efteling
77%
Goliath Walibi Holland
70%
Troy Toverland
70%
Speed of Sound Walibi Holland
66%
Fēnix Toverland
62%
Max + Moritz (Max) Efteling
60%
Max + Moritz (Moritz) Efteling
60%
Untamed Walibi Holland
57%
Lost Gravity Walibi Holland
55%
Condor Walibi Holland
53%
Dwervelwind Toverland
53%
Xpress: Platform 13 Walibi Holland
53%
Booster Bike Toverland
51%
Gold Rush Slagharen Themepark & Resort
51%
Kikkerachtbaan Duinrell
51%
Drako Walibi Holland
47%
Formule X Drievliet Family Park
47%
Falcon Duinrell
45%
Rioolrat Avonturenpark Hellendoorn
45%
Toos-Express Toverland
45%
Dragon Fly Duinrell
38%
Balagos - Flying Flame Avonturenpark Hellendoorn
34%
Donderstenen Avonturenpark Hellendoorn
34%
Achtbaan Amusementspark Tivoli
32%
Achtbaan Kinderstad Heerlen
32%
Achtbaan (Treno) Mondo Verde
32%
Eat My Dust Walibi Holland
32%
Mine Train Slagharen Themepark & Resort
30%
Tweestryd (Duurzaam Landbouw) Wildlands Adventure Zoo Emmen
30%
Tweestryd (Eerlijk Mijnbouw) Wildlands Adventure Zoo Emmen
30%
Kopermijn Drievliet Family Park
23%
RidderStrijd Avonturenpark Hellendoorn
23%
Twistrix Drievliet Family Park
23%
Tyfoon DippieDoe Attractiepark
23%
Dynamite Express Drievliet Family Park
21%
Familieachtbaan BillyBird Park Hemelrijk
21%
Familie Achtbaan Familiepretpark Mini Mundi
21%
Rodelbaan De Waarbeek
21%
Jul's RollerSkates Julianatoren
19%
Spinning Coaster Kinderstad Heerlen
19%
Butterfly Speelpark Hoge Boekel
17%
Butterfly Sybrandy's Speel- en Natuurpark
17%
Drakenbaan Speelpark Oud Valkeveen
15%
London City Coaster Verkeers- en Attractiepark Duinen Zathe
15%
Rupsje Mae De Waarbeek
15%
Alpine Coaster SnowWorld
13%
Dolle Pier DippieDoe Attractiepark
13%
Raptor Adventure De Waarbeek
13%
Spur & The Big Apple Verkeers- en Attractiepark Duinen Zathe
13%
Texas Twister Julianatoren
13%
Vliegende Valk Speelpark Oud Valkeveen
13%
Vlinder Julianatoren
13%
Wickiebaan Plopsa Indoor Coevorden
13%
Havana Spinning Adventure Mondo Verde
9%
Geen overeenkomende quizzen gevonden
Scoreverdeling
Procent van Mensen met Elke Score
Percentiel versus Aantal Correcte Antwoorden
Uw Scoregeschiedenis
U heeft deze quiz nog niet genomen